How effectively do local authorities manage their property assets? (Record no. 104948)

MARC details
000 -LEADER
fixed length control field 01145cam a2200169 4500
001 - CONTROL NUMBER
control field ##L131988
008 - FIXED-LENGTH DATA ELEMENTS--GENERAL INFORMATION
fixed length control field 051220n2002 000 0 eng u
035 ## - SYSTEM CONTROL NUMBER
System control number (Sirsi) u131988
041 0# - LANGUAGE CODE
Language code of text/sound track or separate title eng
100 1# - MAIN ENTRY--PERSONAL NAME
Personal name Deakin, Mark
245 00 - TITLE STATEMENT
Title How effectively do local authorities manage their property assets?
260 ## - PUBLICATION, DISTRIBUTION, ETC.
Place of publication, distribution, etc. London
Name of publisher, distributor, etc. RICS
Date of publication, distribution, etc. 2002
520 ## - SUMMARY, ETC.
Summary, etc. In the late 1980s, reports by the Audit Commission and the Chartered Institute of Public Finance and Accountancy (CIPFA) suggested that the way in which local authorities managed their property could be greatly improved. At the time, few local authorities kept registers of even the most basic data on either the physical, legal or economic attributes of property under their management, and there were serious concerns about waste of public money. Local authorities have responded positively to this, and this research by Mark Deakin of Napier University explores the progress made by local authorities in introducing the initiatives designed to improve the standard of property management
520 ## - SUMMARY, ETC.
Summary, etc. This item is no longer available.
690 ## - LOCAL SUBJECT ADDED ENTRY--TOPICAL TERM (OCLC, RLIN)
Topical term or geographic name as entry element Block management
9 (RLIN) 6220
942 ## - ADDED ENTRY ELEMENTS (KOHA)
Suppress in OPAC 0
Holdings
Withdrawn status Lost status Source of classification or shelving scheme Damaged status Not for loan Home library Current library Shelving location Date acquired Total Checkouts Full call number Barcode Date last seen Copy number Price effective from Koha item type
    Dewey Decimal Classification     Virtual Virtual Online 20/12/2005   ONLINE PUBLICATION 131988-1001 06/08/2019 1 06/08/2019 Book